Laufey Lyrics - How I Get - Statistics

General Stats
  • This quiz has been taken 10 times
  • The average score is 126 of 191
Answer Stats
Lyrics % Correct
I
100%
(I
100%
a
80%
A
80%
But
80%
cigarettes
80%
do
80%
don’t
80%
Don’t
80%
feel
80%
get
80%
get,
80%
how
80%
Human
80%
I’ll
80%
is
80%
just
80%
Just
80%
mood
80%
nature
80%
regret
80%
smoke
80%
strange
80%
swing
80%
that
80%
that’s
80%
That’s
80%
things
80%
you,
80%
you
80%
And
60%
At
60%
attach
60%
baby
60%
baby,
60%
bad
60%
bets
60%
blinded
60%
by
60%
caught
60%
crave
60%
(Crave
60%
day
60%
dread
60%
far-sought
60%
for
60%
I’m
60%
in
60%
journey
60%
know
60%
me
60%
more
60%
need
60%
never
60%
one
60%
shoulder
60%
silhouette
60%
so
60%
some
60%
sound)
60%
to
60%
up
60%
web
60%
with
60%
you’re
60%
addiction
40%
am
40%
around)
40%
awful
40%
back
40%
bit
40%
Biting
40%
can
40%
chew
40%
come
40%
corner
40%
cut
40%
easily
40%
every
40%
Every
40%
greedy,
40%
Has
40%
hungry
40%
least
40%
mood
40%
not
40%
of
40%
oh
40%
pendulum
40%
rage
40%
strings
40%
swings
40%
tempo,
40%
tempo)
40%
than
40%
(The
40%
warmer
40%
What
40%
have
20%
horror
20%
No matching quizzes found
Score Distribution
Percent of People with Each Score
Percentile by Number Answered
Your Score History
You have not taken this quiz